|
|
|
|
| LEADER |
00000cam a2200000 7i4500 |
| 001 |
0000004266 |
| 002 |
000004585 |
| 005 |
20080114.0 |
| 020 |
|
|
|a 0670820555
|
| 090 |
0 |
0 |
|a 327.17
|b WRI
|
| 100 |
1 |
|
|a Wright, Peter
|
| 245 |
0 |
0 |
|a Spy catcher :
|b the candid autobiography of a senior intelligence officer
|c Peter Wright
|
| 260 |
|
|
|a New York :
|b Viking Pengnin ,
|c 1987
|
| 300 |
|
|
|a 392p. ;
|c 23cm.
|
| 650 |
0 |
0 |
|a Intelligence officer
|z United States
|x Biography
|
| 650 |
0 |
0 |
|a Intelligence service
|x Biography
|
| 650 |
0 |
0 |
|a Wold War,1939-1945
|x Military intelligence
|
| 999 |
|
|
|a 030162
|b BUKU
|c PINJAMAN
|e PERPUSTAKAAN KOMUNITI PETALING JAYA
|